[Event "EIBCC 2019"]
[Site "Tallinn"]
[Date "2019.12.07"]
[Round "14.7"]
[White "Ladva, Ottomar"]
[Black "Turov, Maxim"]
[Result "0-1"]
[WhiteElo "2457"]
[BlackElo "2535"]
[Annotator "ChessBase"]
[PlyCount "66"]
[EventDate "2019.12.06"]
[EventType "swiss"]
[EventCountry "EST"]
[SourceTitle "playchess.com"]
[Source "ChessBase"]
[SourceQuality "1"]

1. Nf3 Nf6 2. c4 e6 3. e3 b6 4. d4 Bb7 5. g3 c5 6. Bg2 cxd4 7. exd4 d5 8. Ne5 Bb4+ 9. Nc3 O-O 10. O-O Nc6 11. Bg5 Be7 12. Rc1 Rc8 13. Bxf6 Bxf6 14. cxd5 exd5 15. Bxd5 Ba8 16. Nxc6 Bxc6 17. Bxc6 Rxc6 18. Qf3 Rd6 19. Nb5 Rd7 20. Rfd1 a6 21. Nc3 Rxd4 22. Rxd4 Qxd4 23. Rd1 Qc4 24. Nd5 Bxb2 25. Nxb6 Qxa2 26. Nd5 Qc4 27. Kg2 g6 28. Nb6 Qe6 29. Nd5 a5 30. h4 a4 31. h5 a3 32. h6 a2 33. Nf4 Qf6 0-1

[Event "EIBCC 2019"]
[Site "Tallinn"]
[Date "2019.12.07"]
[Round "14.8"]
[White "Belyakov, Bogdan"]
[Black "Usmanov, Vasily"]
[Result "0-1"]
[WhiteElo "2431"]
[BlackElo "2495"]
[Annotator "ChessBase"]
[PlyCount "104"]
[EventDate "2019.12.06"]
[EventType "swiss"]
[EventCountry "EST"]
[SourceTitle "playchess.com"]
[Source "ChessBase"]
[SourceQuality "1"]

1. e4 e5 2. Nf3 Nf6 3. Nxe5 d6 4. Nf3 Nxe4 5. Qe2 Qe7 6. d3 Nf6 7. Bg5 Qxe2+ 8. Bxe2 Be7 9. Nc3 c6 10. O-O-O Na6 11. Rde1 Nc7 12. h3 Bd7 13. Bd1 Ne6 14. Bd2 h5 15. Nh4 g6 16. f4 Nh7 17. Nf3 f5 18. Re2 Kf7 19. Rhe1 Rae8 20. Rg1 Bf6 21. g4 hxg4 22. hxg4 fxg4 23. Nh2 Bd4 24. Rxg4 Nf6 25. Rgg2 Ng7 26. Ne4 Nxe4 27. dxe4 Bf6 28. Nf3 d5 29. exd5 cxd5 30. Ne5+ Bxe5 31. fxe5 Rh1 32. Bg5 Bf5 33. Kd2 Ne6 34. c3 Nxg5 35. Rxg5 d4 36. cxd4 Rd8 37. Bb3+ Ke7 38. d5 Rh3 39. d6+ Kd7 40. Rf2 a6 41. Rfxf5 gxf5 42. Bd5 Rh7 43. Rxf5 Rc8 44. Bxb7 Rb8 45. Bd5 Rxb2+ 46. Kc3 Re2 47. Bc4 Rh3+ 48. Kd4 Rh4+ 49. Kc5 Rc2 50. e6+ Kc8 51. d7+ Kc7 52. Rf4 Rxf4 0-1

[Event "EIBCC 2019"]
[Site "Tallinn"]
[Date "2019.12.07"]
[Round "14.9"]
[White "Postny, Evgeny"]
[Black "Galopoulos, Nikolaos"]
[Result "1-0"]
[WhiteElo "2661"]
[BlackElo "2429"]
[Annotator "ChessBase"]
[PlyCount "95"]
[EventDate "2019.12.06"]
[EventType "swiss"]
[EventCountry "EST"]
[SourceTitle "playchess.com"]
[Source "ChessBase"]
[SourceQuality "1"]

1. d4 Nf6 2. c4 e6 3. Nf3 d5 4. g3 dxc4 5. Bg2 Bd7 6. Ne5 Bc6 7. Nxc6 Nxc6 8. e3 Qd7 9. Nd2 e5 10. Nxc4 exd4 11. O-O Be7 12. exd4 O-O 13. Ne5 Nxe5 14. dxe5 Qxd1 15. Rxd1 Ng4 16. Bxb7 Rad8 17. Bd2 Bc5 18. Be1 Nxe5 19. Be4 Bd4 20. Rac1 c5 21. b3 f5 22. Bg2 f4 23. Kh1 fxg3 24. fxg3 Ng4 25. h3 Nf2+ 26. Bxf2 Bxf2 27. Bd5+ Kh8 28. Kg2 Bd4 29. Bf3 g6 30. Re1 Rfe8 31. h4 Kg7 32. Bc6 Rxe1 33. Rxe1 Bf6 34. Re2 Rc8 35. Bd5 Rd8 36. Bc4 Rd7 37. Re8 h5 38. Rg8+ Kh7 39. Ra8 Rd2+ 40. Kf3 Rxa2 41. Rc8 Bd4 42. Rc6 Rf2+ 43. Ke4 Rf6 44. Rc7+ Kh6 45. Rxa7 g5 46. Bd3 gxh4 47. gxh4 Rg6 48. Kd5 1-0

[Event "EIBCC 2019"]
[Site "Tallinn"]
[Date "2019.12.07"]
[Round "14.10"]
[White "Aleksandrov, Aleksej"]
[Black "Riazantsev, Alexander"]
[Result "0-1"]
[WhiteElo "2416"]
[BlackElo "2635"]
[Annotator "ChessBase"]
[PlyCount "60"]
[EventDate "2019.12.06"]
[EventType "swiss"]
[EventCountry "EST"]
[SourceTitle "playchess.com"]
[Source "ChessBase"]
[SourceQuality "1"]

1. d4 d5 2. c4 e6 3. Nc3 Nf6 4. cxd5 exd5 5. Bg5 Bb4 6. e3 h6 7. Bh4 g5 8. Bg3 Ne4 9. Rc1 h5 10. f3 Nxg3 11. hxg3 c6 12. Bd3 Bd6 13. Nge2 Be6 14. e4 dxe4 15. fxe4 Nd7 16. e5 Be7 17. Qc2 Qb6 18. a3 O-O-O 19. b4 Kb8 20. Na4 Qc7 21. Bf5 Nf8 22. Nc5 Bxc5 23. bxc5 Qa5+ 24. Kf2 h4 25. gxh4 gxh4 26. Rb1 Bxf5 27. Qxf5 Ne6 28. Qe4 Ka8 29. Rb3 Qd2 30. Rd3 Nxc5 0-1

[Event "EIBCC 2019"]
[Site "Tallinn"]
[Date "2019.12.07"]
[Round "14.11"]
[White "Studer, Noel"]
[Black "Motylev, Alexander"]
[Result "1-0"]
[WhiteElo "2394"]
[BlackElo "2629"]
[Annotator "ChessBase"]
[PlyCount "115"]
[EventDate "2019.12.06"]
[EventType "swiss"]
[EventCountry "EST"]
[SourceTitle "playchess.com"]
[Source "ChessBase"]
[SourceQuality "1"]

1. d4 d5 2. c4 e6 3. Nf3 Nf6 4. g3 Bb4+ 5. Bd2 Be7 6. Bg2 O-O 7. O-O c6 8. Qb3 a5 9. a3 a4 10. Qc2 Nbd7 11. Rc1 Nb6 12. c5 Nc4 13. Bf4 b6 14. cxb6 Qxb6 15. Nbd2 Qxb2 16. Nxc4 Qxc2 17. Rxc2 dxc4 18. Ne5 Nd5 19. Nxc6 Bf6 20. Bd6 Re8 21. e4 Nb6 22. e5 Bg5 23. f4 Bh6 24. Ne7+ Rxe7 25. Bxe7 Nd5 26. Rxc4 Bd7 27. Bxd5 exd5 28. Rc7 Bf5 29. Rac1 g5 30. fxg5 Bg7 31. Rb7 h6 32. h4 hxg5 33. hxg5 Kh7 34. Kf2 Kg6 35. Rb6+ Be6 36. g4 Re8 37. Bf6 Bf8 38. Rc3 Bxg4 39. Kg3 Be6 40. Kf4 Ra8 41. Rb7 Bg7 42. Bxg7 Kxg7 43. Rc6 Kg6 44. Rc3 Rh8 45. Rg3 Rh4+ 46. Ke3 Re4+ 47. Kd3 Bf5 48. Kc3 Re2 49. Rb6+ Kg7 50. Kb4 Rd2 51. Kc5 Be4 52. e6 Rc2+ 53. Kd6 fxe6 54. Kxe6 Re2 55. Kd6 Kg6 56. Kc5+ Kg7 57. g6 Rc2+ 58. Kd6 1-0

[Event "EIBCC 2019"]
[Site "Tallinn"]
[Date "2019.12.07"]
[Round "14.12"]
[White "Lobanov, Sergei"]
[Black "Babula, Vlastimil"]
[Result "1-0"]
[WhiteElo "2394"]
[BlackElo "2605"]
[Annotator "ChessBase"]
[PlyCount "73"]
[EventDate "2019.12.06"]
[EventType "swiss"]
[EventCountry "EST"]
[SourceTitle "playchess.com"]
[Source "ChessBase"]
[SourceQuality "1"]

1. e4 c5 2. Nf3 e6 3. d4 cxd4 4. Nxd4 a6 5. Nc3 d6 6. Be2 Qc7 7. O-O Nf6 8. f4 Be7 9. Be3 O-O 10. Bf3 Nc6 11. Qd2 Bd7 12. Nb3 b5 13. Rad1 b4 14. Na4 Rab8 15. Qf2 Bd8 16. Qd2 Ne7 17. e5 dxe5 18. Nac5 Bb5 19. Rfe1 Nfd5 20. fxe5 Nxe3 21. Qxe3 Qa7 22. c3 bxc3 23. Qxc3 Bb6 24. Kh1 Rbc8 25. Rc1 Rc7 26. Qb4 Rfc8 27. Ne4 Nd5 28. Qd2 Be3 29. Rxc7 Rxc7 30. Qa5 h6 31. Nd6 Bd3 32. Bxd5 exd5 33. Qxd5 Bg6 34. e6 Bg5 35. exf7+ Bxf7 36. Nxf7 Rxf7 37. Nc5 1-0

[Event "EIBCC 2019"]
[Site "Tallinn"]
[Date "2019.12.07"]
[Round "14.13"]
[White "Yuffa, Daniil"]
[Black "Mustaps, Matiss"]
[Result "1-0"]
[WhiteElo "2582"]
[BlackElo "2361"]
[Annotator "ChessBase"]
[PlyCount "79"]
[EventDate "2019.12.06"]
[EventType "swiss"]
[EventCountry "EST"]
[SourceTitle "playchess.com"]
[Source "ChessBase"]
[SourceQuality "1"]

1. d4 Nf6 2. c4 g6 3. Nc3 Bg7 4. e4 O-O 5. Nf3 d6 6. Be2 Na6 7. O-O e5 8. Re1 Bg4 9. d5 Nh5 10. h3 Bd7 11. Bf1 Nf4 12. Kh2 f5 13. exf5 Bxf5 14. g3 Nh5 15. Ng5 Nc5 16. b4 e4 17. bxc5 Bxc3 18. g4 Bxa1 19. gxh5 h6 20. Nxe4 Bxe4 21. Rxe4 Rxf2+ 22. Bg2 Be5+ 23. Rxe5 dxe5 24. hxg6 Qf6 25. Qg4 Rf8 26. Bxh6 Re8 27. Qh5 e4 28. Be3 Rxg2+ 29. Kxg2 Qf3+ 30. Qxf3 exf3+ 31. Kxf3 Kg7 32. Bf4 Re7 33. d6 cxd6 34. cxd6 Re8 35. Bg5 Rf8+ 36. Kg4 Rc8 37. d7 Rxc4+ 38. Kf3 Rd4 39. d8=Q Rxd8 40. Bxd8 1-0

[Event "EIBCC 2019"]
[Site "Tallinn"]
[Date "2019.12.07"]
[Round "14.14"]
[White "Saric, Ante"]
[Black "Litwak, Aleksej"]
[Result "1-0"]
[WhiteElo "2577"]
[BlackElo "2284"]
[Annotator "ChessBase"]
[PlyCount "137"]
[EventDate "2019.12.06"]
[EventType "swiss"]
[EventCountry "EST"]
[SourceTitle "playchess.com"]
[Source "ChessBase"]
[SourceQuality "1"]

1. Nf3 d5 2. g3 c5 3. Bg2 Nc6 4. d4 e6 5. O-O Nf6 6. c4 Be7 7. cxd5 exd5 8. dxc5 Bxc5 9. Qc2 Be7 10. Nc3 O-O 11. Be3 Re8 12. Rfd1 Bg4 13. Nd4 Qd7 14. Nb3 Bf5 15. Qd2 Bb4 16. a3 Bxc3 17. Qxc3 Ne4 18. Bxe4 Bxe4 19. Nc5 Qe7 20. Nxe4 dxe4 21. Rd5 Rad8 22. Rad1 Rxd5 23. Rxd5 Rd8 24. Qd2 Rxd5 25. Qxd5 h6 26. h4 a6 27. h5 Qe8 28. Bf4 Qe7 29. Kg2 Qe8 30. g4 Qe7 31. Kg3 Qe8 32. e3 Qe7 33. g5 hxg5 34. Bxg5 Qc7+ 35. Bf4 Qe7 36. h6 gxh6 37. Bxh6 Kh7 38. Bf4 Kg6 39. Kg4 Qe6+ 40. Qxe6+ fxe6 41. Bg3 e5 42. Bh4 Na5 43. Be7 Nc4 44. b3 Nd2 45. b4 Nc4 46. a4 Nb2 47. a5 Nd3 48. Kg3 Kf5 49. Bf8 Ne1 50. Bc5 Nf3 51. Bf8 Ke6 52. Kg4 Kd5 53. Kf5 Nh4+ 54. Kf6 Nf3 55. Ke7 Kc6 56. Ke6 Kb5 57. Kd5 b6 58. axb6 Kxb6 59. Kxe4 Nd2+ 60. Kxe5 Kb5 61. f4 Nc4+ 62. Kd4 Nb6 63. e4 Nd7 64. Be7 Kc6 65. f5 Nb6 66. f6 Kd7 67. Bc5 Na4 68. f7 Nxc5 69. Kxc5 1-0

[Event "EIBCC 2019"]
[Site "Tallinn"]
[Date "2019.12.07"]
[Round "14.15"]
[White "Sanal, Vahap"]
[Black "Nazaretyan, Tigran"]
[Result "1-0"]
[WhiteElo "2563"]
[BlackElo "2277"]
[Annotator "ChessBase"]
[PlyCount "53"]
[EventDate "2019.12.06"]
[EventType "swiss"]
[EventCountry "EST"]
[SourceTitle "playchess.com"]
[Source "ChessBase"]
[SourceQuality "1"]

1. e4 c5 2. Nc3 Nc6 3. Bb5 Nd4 4. Nf3 a6 5. Bd3 Nc6 6. a3 g6 7. Rb1 b5 8. b4 c4 9. Be2 Bg7 10. Bb2 Nf6 11. d3 cxd3 12. cxd3 O-O 13. O-O Bb7 14. d4 d5 15. e5 Ne4 16. Nxe4 dxe4 17. Ng5 Qb6 18. e6 f5 19. d5 Nd4 20. Bxd4 Bxd4 21. Qb3 Rad8 22. Qh3 h5 23. Bxh5 Bxd5 24. Bxg6 Kg7 25. Bxf5 Rh8 26. Nh7 Qd6 27. Qg4+ 1-0

[Event "EIBCC 2019"]
[Site "Tallinn"]
[Date "2019.12.07"]
[Round "14.16"]
[White "Ortega Ruiz, Jose Miguel"]
[Black "Sebenik, Matej"]
[Result "1/2-1/2"]
[WhiteElo "2272"]
[BlackElo "2457"]
[Annotator "ChessBase"]
[PlyCount "97"]
[EventDate "2019.12.06"]
[EventType "swiss"]
[EventCountry "EST"]
[SourceTitle "playchess.com"]
[Source "ChessBase"]
[SourceQuality "1"]

1. d4 Nf6 2. c4 e6 3. Nf3 d5 4. e3 b6 5. Nc3 Bd6 6. Bd3 Bb7 7. O-O O-O 8. Qe2 c5 9. b3 Nbd7 10. Bb2 Rc8 11. Rfd1 Re8 12. Rac1 a6 13. e4 dxe4 14. Nxe4 Nxe4 15. Bxe4 Bxe4 16. Qxe4 Nf6 17. Qh4 Qe7 18. dxc5 Bxc5 19. Bxf6 Qxf6 20. Qxf6 gxf6 21. Rd7 Kf8 22. Kf1 Re7 23. Rcd1 Ke8 24. R7d3 b5 25. cxb5 axb5 26. R1d2 Bb4 27. Rd1 Ra7 28. Nd4 Rxa2 29. Nxb5 Kf8 30. Rf3 f5 31. g3 Rcc2 32. Rd8+ Ke7 33. Rdd3 Bc5 34. Nd4 Rd2 35. Nc6+ Kf6 36. Rxd2 Rxd2 37. b4 Bb6 38. h4 h5 39. Na5 Rb2 40. Nc4 Rxb4 41. Nxb6 Rxb6 42. Kg2 e5 43. Ra3 e4 44. Ra5 Rd6 45. Rb5 Rd2 46. Kg1 Ke6 47. Ra5 Rd5 48. Ra6+ Rd6 49. Ra5 1/2-1/2

[Event "EIBCC 2019"]
[Site "Tallinn"]
[Date "2019.12.07"]
[Round "14.17"]
[White "Kulaots, Kaido"]
[Black "Siniauski, Artsiom"]
[Result "1-0"]
[WhiteElo "2562"]
[BlackElo "2056"]
[Annotator "ChessBase"]
[PlyCount "37"]
[EventDate "2019.12.06"]
[EventType "swiss"]
[EventCountry "EST"]
[SourceTitle "playchess.com"]
[Source "ChessBase"]
[SourceQuality "1"]

1. e4 e6 2. d4 d5 3. Nc3 Nf6 4. Bg5 Bb4 5. e5 h6 6. Be3 Ne4 7. Qg4 Kf8 8. a3 Bxc3+ 9. bxc3 c5 10. Bd3 Qa5 11. Ne2 cxd4 12. Bxd4 Nc6 13. O-O Nd2 14. Rfd1 Nc4 15. Bxc4 dxc4 16. Ng3 Bd7 17. Ne4 Ne7 18. Bc5 Re8 19. Rxd7 1-0

[Event "EIBCC 2019"]
[Site "Tallinn"]
[Date "2019.12.07"]
[Round "14.18"]
[White "Ziska, Helgi Dam"]
[Black "Kukk, Sander"]
[Result "1-0"]
[WhiteElo "2614"]
[BlackElo "2312"]
[Annotator "ChessBase"]
[PlyCount "75"]
[EventDate "2019.12.06"]
[EventType "swiss"]
[EventCountry "EST"]
[SourceTitle "playchess.com"]
[Source "ChessBase"]
[SourceQuality "1"]

1. e4 g6 2. d4 Bg7 3. Nf3 d6 4. Bc4 Nf6 5. Qe2 O-O 6. e5 dxe5 7. dxe5 Nd5 8. O-O Nb6 9. Bb3 Bg4 10. Nbd2 Nc6 11. h3 Nd4 12. Qe4 Bxf3 13. Nxf3 Nxb3 14. axb3 c6 15. c4 Qc8 16. Bg5 f6 17. Be3 f5 18. Qh4 e6 19. Rfd1 Re8 20. Rd6 Qc7 21. Rad1 Re7 22. Bg5 Ree8 23. Bf4 Bf8 24. R6d3 Be7 25. Ng5 Bxg5 26. Qxg5 Qe7 27. Qg3 Qg7 28. Bg5 h6 29. Bf6 Qf7 30. h4 Kh7 31. Rd6 Rac8 32. Qd3 Rc7 33. Ra1 Ra8 34. Rd1 Re8 35. Bd8 Rc8 36. Qd4 Nd5 37. cxd5 Rcxd8 38. dxe6 1-0

[Event "EIBCC 2019"]
[Site "Tallinn"]
[Date "2019.12.07"]
[Round "14.19"]
[White "Ruck, Robert"]
[Black "Saveliev, Alexei"]
[Result "1-0"]
[WhiteElo "2541"]
[BlackElo "2279"]
[Annotator "ChessBase"]
[PlyCount "61"]
[EventDate "2019.12.06"]
[EventType "swiss"]
[EventCountry "EST"]
[SourceTitle "playchess.com"]
[Source "ChessBase"]
[SourceQuality "1"]

1. Nf3 c5 2. c4 Nc6 3. Nc3 e5 4. e3 Nf6 5. Be2 d6 6. d4 Be7 7. O-O O-O 8. b3 cxd4 9. exd4 e4 10. Ne1 Bf5 11. Nc2 Bg6 12. Bb2 Rc8 13. Ne3 Nd7 14. f3 Bg5 15. f4 Bf6 16. Ncd5 h6 17. Bg4 Be7 18. f5 Bh7 19. f6 Nxf6 20. Bxc8 Qxc8 21. Nxe7+ Nxe7 22. d5 Ne8 23. Qd4 f6 24. b4 b6 25. a4 f5 26. a5 f4 27. axb6 axb6 28. Ra7 Nf5 29. Nxf5 Qxf5 30. Rxg7+ Kh8 31. Rf7+ 1-0

[Event "EIBCC 2019"]
[Site "Tallinn"]
[Date "2019.12.07"]
[Round "14.20"]
[White "Shapiro, Viktor"]
[Black "Dragnev, Valentin"]
[Result "0-1"]
[WhiteElo "2267"]
[BlackElo "2523"]
[Annotator "ChessBase"]
[PlyCount "90"]
[EventDate "2019.12.06"]
[EventType "swiss"]
[EventCountry "EST"]
[SourceTitle "playchess.com"]
[Source "ChessBase"]
[SourceQuality "1"]

1. Nf3 b5 2. a4 b4 3. c4 c5 4. b3 Nf6 5. Bb2 e6 6. d4 Bb7 7. Nbd2 a5 8. e3 Na6 9. Bd3 Be7 10. Qe2 O-O 11. g4 d5 12. Rg1 Ne4 13. cxd5 exd5 14. Bxe4 dxe4 15. Ne5 cxd4 16. exd4 Rc8 17. Nxe4 Qd5 18. Ng3 Qxb3 19. Nf5 Bf6 20. Rg3 Qd5 21. g5 Bd8 22. Ne3 Qh1+ 23. Kd2 Qe4 24. f3 Qh4 25. Rag1 b3 26. Rg4 Qh5 27. Bc3 Bc7 28. f4 Rfd8 29. h4 Nc5 30. Bb2 Ne4+ 31. Ke1 Bd6 32. Qb5 Bb4+ 33. Kf1 Rc7 34. f5 Ra8 35. g6 Ba6 36. gxf7+ Rxf7 37. Nxf7 Bxb5+ 38. axb5 Qxf7 39. d5 Nf6 40. h5 a4 41. h6 Ra7 42. Rxg7+ Qxg7 43. Bxf6 Qxg1+ 44. Kxg1 a3 45. Nc4 b2 0-1

[Event "EIBCC 2019"]
[Site "Tallinn"]
[Date "2019.12.07"]
[Round "14.21"]
[White "Gretarsson, Helgi Ass"]
[Black "Troyke, Christian"]
[Result "1-0"]
[WhiteElo "2523"]
[BlackElo "2247"]
[Annotator "ChessBase"]
[PlyCount "67"]
[EventDate "2019.12.06"]
[EventType "swiss"]
[EventCountry "EST"]
[SourceTitle "playchess.com"]
[Source "ChessBase"]
[SourceQuality "1"]

1. d4 g6 2. e4 Bg7 3. c4 d6 4. Nc3 Nf6 5. f4 O-O 6. Nf3 c5 7. dxc5 Qa5 8. Bd3 Qxc5 9. Qe2 Bg4 10. Be3 Qa5 11. O-O Nc6 12. Rac1 Rac8 13. Bb1 e6 14. Rfd1 Rfd8 15. h3 Bxf3 16. Qxf3 Qb4 17. Qe2 Na5 18. b3 Nh5 19. Qd3 Bh6 20. Rf1 a6 21. g4 d5 22. exd5 Nf6 23. g5 exd5 24. gxf6 dxc4 25. Qe4 Re8 26. Qf3 cxb3 27. Nd5 bxa2 28. Bxa2 Rxc1 29. Nxb4 Rc3 30. Nd5 Ra3 31. Ne7+ Kh8 32. Bxf7 Rf8 33. Bd5 Rxf6 34. Bd4 1-0

[Event "EIBCC 2019"]
[Site "Tallinn"]
[Date "2019.12.07"]
[Round "14.22"]
[White "Potapov, Pavel"]
[Black "Bru Rullo, Llatzer"]
[Result "1/2-1/2"]
[WhiteElo "2464"]
[BlackElo "2242"]
[Annotator "ChessBase"]
[PlyCount "92"]
[EventDate "2019.12.06"]
[EventType "swiss"]
[EventCountry "EST"]
[SourceTitle "playchess.com"]
[Source "ChessBase"]
[SourceQuality "1"]

1. e4 c5 2. c3 Nf6 3. e5 Nd5 4. Bc4 e6 5. Nf3 d6 6. d4 cxd4 7. cxd4 Be7 8. O-O O-O 9. Qe2 Nc6 10. Rd1 a6 11. h3 Qc7 12. Bxd5 exd5 13. Nc3 Be6 14. Bf4 dxe5 15. Nxe5 Nxe5 16. Bxe5 Qc6 17. Rac1 Rac8 18. Qe3 Qb6 19. Rd2 Rfe8 20. Re1 Bb4 21. Qg3 Bf8 22. h4 Kh8 23. Rde2 f6 24. Bf4 Bf7 25. Rxe8 Rxe8 26. Rxe8 Bxe8 27. Qe3 Bf7 28. b3 h6 29. Bg3 Qa5 30. a4 Qb6 31. Ne2 Qe6 32. Qxe6 Bxe6 33. f3 Bb4 34. Kf2 g5 35. hxg5 hxg5 36. f4 g4 37. Kf1 Bf5 38. Be1 Ba3 39. b4 Bd3 40. Kf2 Bxe2 41. Kxe2 Bc1 42. Bd2 Bxd2 43. Kxd2 Kg7 44. g3 Kg6 45. Kd3 Kf5 46. Ke3 b6 1/2-1/2

[Event "EIBCC 2019"]
[Site "Tallinn"]
[Date "2019.12.07"]
[Round "14.23"]
[White "Nguyen, Thai Dai Van"]
[Black "Chernyak, Viktoria"]
[Result "1-0"]
[WhiteElo "2419"]
[BlackElo "2213"]
[Annotator "NA"]
[PlyCount "151"]
[EventDate "2019.12.06"]
[EventType "swiss"]
[EventCountry "EST"]
[SourceTitle "playchess.com"]
[Source "ChessBase"]
[SourceQuality "1"]

1. d4 d5 2. c4 e6 3. Nf3 c6 4. Nc3 dxc4 5. a4 Bb4 6. e3 b5 7. Bd2 a5 8. Be2 Bb7 9. O-O Nf6 10. Qb1 Qb6 11. b3 Bxc3 12. Bxc3 b4 13. bxc4 Nbd7 14. c5 Qc7 15. Bb2 Ba6 16. Bxa6 Rxa6 17. Qd3 Ra8 18. Nd2 O-O 19. Nc4 Rfd8 20. Qe2 Nf8 21. f4 Ne4 22. f5 exf5 23. Rxf5 Ng6 24. Raf1 f6 25. Nd2 Re8 26. Nxe4 Rxe4 27. d5 cxd5 28. Rxd5 Rae8 29. Bd4 Nf4 30. Rxf4 Qxf4 31. Qc4 Qg4 32. h3 Qd1+ 33. Kh2 Kh8 34. c6 b3 35. c7 Qc2 36. Qxc2 bxc2 37. Rc5 Rc8 38. Rxc2 h5 39. Bb6 Rxa4 40. Rd2 Re4 41. Rd8+ Re8 42. Bxa5 Kh7 43. e4 Kg6 44. Kg3 Kf7 45. Kf4 Ke7 46. Kf5 Kf7 47. Bb6 Re5+ 48. Kf4 Re8 49. Kg3 g5 50. h4 gxh4+ 51. Kh3 Ke7 52. Kxh4 Ke6 53. Kxh5 Ke5 54. Kg6 Ke6 55. Kg7 Re7+ 56. Kg6 Rexc7 57. Bxc7 Rxc7 58. Re8+ Kd7 59. Rf8 Rc2 60. g4 Rg2 61. Kf5 Rf2+ 62. Kg6 Rg2 63. Kxf6 Rxg4 64. Ke5 Ke7 65. Rh8 Rg1 66. Rh7+ Ke8 67. Ke6 Rg6+ 68. Kf5 Rg1 69. e5 Ra1 70. Kf6 Kd8 71. Rh8+ Kd7 72. e6+ Kd6 73. Rd8+ Kc7 74. e7 Rf1+ 75. Kg5 Rg1+ 76. Kf4 1-0

[Event "EIBCC 2019"]
[Site "Tallinn"]
[Date "2019.12.07"]
[Round "14.24"]
[White "Chibukhchyan, Erik"]
[Black "Shubin, Kirill"]
[Result "1/2-1/2"]
[WhiteElo "2230"]
[BlackElo "2401"]
[Annotator "NA"]
[PlyCount "88"]
[EventDate "2019.12.06"]
[EventType "swiss"]
[EventCountry "EST"]
[SourceTitle "playchess.com"]
[Source "ChessBase"]
[SourceQuality "1"]

1. e4 e6 2. d4 d5 3. Nd2 Be7 4. Ngf3 Nf6 5. Bd3 c5 6. exd5 Qxd5 7. dxc5 Qxc5 8. O-O Qc7 9. a3 O-O 10. Qe2 Nbd7 11. c4 b6 12. b3 Bb7 13. Bb2 a5 14. Rfd1 Rfd8 15. Rac1 Rac8 16. h3 h6 17. Bb1 Nc5 18. Ne5 Rxd2 19. Qxd2 Nxb3 20. Qc3 Nxc1 21. Rxc1 Bf8 22. Qe3 Qc5 23. Qe2 Rd8 24. Rd1 Rxd1+ 25. Qxd1 Bd6 26. Qe2 Bf8 27. Bd3 Qc7 28. Qe3 Bc5 29. Qg3 Bd6 30. Qe3 Qc5 31. Qe2 Ba6 32. Qf3 Qc8 33. Qe2 Bb7 34. Ng4 Nxg4 35. Qxg4 Bf8 36. Qd4 Qc6 37. Bf1 Qc5 38. Qd8 Qc6 39. Be5 Qc5 40. Bb2 Qc6 41. Bd4 Qd6 42. Qxd6 Bxd6 43. Bxb6 Bxa3 44. Bxa5 Bc5 1/2-1/2

[Event "EIBCC 2019"]
[Site "Tallinn"]
[Date "2019.12.07"]
[Round "14.25"]
[White "Loginov, Valery A"]
[Black "Lazavik, Denis"]
[Result "1/2-1/2"]
[WhiteElo "2376"]
[BlackElo "2222"]
[Annotator "NA"]
[PlyCount "168"]
[EventDate "2019.12.06"]
[EventType "swiss"]
[EventCountry "EST"]
[SourceTitle "playchess.com"]
[Source "ChessBase"]
[SourceQuality "1"]

1. Nf3 Nf6 2. g3 c5 3. Bg2 g6 4. O-O Bg7 5. d4 cxd4 6. Nxd4 O-O 7. Nc3 Nc6 8. Nb3 d6 9. h3 Bd7 10. e4 Rb8 11. Qe2 Ne8 12. Nd5 e6 13. Ne3 b5 14. Rd1 Qc7 15. c4 b4 16. Ng4 h5 17. Ne3 a5 18. c5 a4 19. cxd6 Nxd6 20. Nc5 Nd4 21. Rxd4 Bxd4 22. Na6 Bb5 23. Qxb5 Nxb5 24. Nxc7 Nxc7 25. Nc2 Be5 26. Rb1 b3 27. axb3 axb3 28. Na3 Nb5 29. Nc4 Bd4 30. Bf4 Rbc8 31. Bf1 Na7 32. Rd1 Nc6 33. Rd3 e5 34. Bh6 Rfd8 35. Bg5 Rf8 36. Rxb3 Rb8 37. Ra3 Bxb2 38. Nxb2 Rxb2 39. Ra6 Nd4 40. Bh6 Rc8 41. Ra5 Rb1 42. Kg2 Nc6 43. Ra6 Rb4 44. Bg5 Rxe4 45. Rb6 Rb4 46. Ra6 Nd4 47. Bf6 Re8 48. Ra7 Nc6 49. Rc7 Nd4 50. Bc4 Ne6 51. Bxe6 fxe6 52. Rg7+ Kf8 53. Rxg6 Kf7 54. Rh6 e4 55. Be5 Rb5 56. Bf4 Rg8 57. Rh7+ Rg7 58. Rh8 Rg8 59. Rh7+ Rg7 60. Rh8 Rf5 61. Be3 Kg6 62. Re8 Kf7 63. Ra8 Rh7 64. Ra7+ Kg6 65. Ra6 Re7 66. Ra4 Re5 67. Bf4 Rf5 68. Rxe4 Kf7 69. h4 Rd7 70. Ra4 Rb7 71. Rc4 Rd5 72. Be3 Kg6 73. Rc8 Rf7 74. Rc6 Kf5 75. Rc8 Rh7 76. Rf8+ Kg6 77. Bg5 Rf7 78. Rg8+ Kh7 79. Re8 e5 80. Be3 Kg7 81. Re6 Rf6 82. Re7+ Rf7 83. Re6 Rf6 84. Re7+ Rf7 1/2-1/2

[Event "EIBCC 2019"]
[Site "Tallinn"]
[Date "2019.12.07"]
[Round "14.26"]
[White "Azimov, Ilyas"]
[Black "Dorokhin, Mykhailo"]
[Result "1-0"]
[WhiteElo "2183"]
[BlackElo "2364"]
[Annotator "NA"]
[PlyCount "127"]
[EventDate "2019.12.06"]
[EventType "swiss"]
[EventCountry "EST"]
[SourceTitle "playchess.com"]
[Source "ChessBase"]
[SourceQuality "1"]

1. e4 c6 2. d4 d5 3. e5 Bf5 4. Nf3 e6 5. Be2 Ne7 6. O-O Bg6 7. Nbd2 Nd7 8. Nb3 Nf5 9. a4 f6 10. exf6 Qxf6 11. Bg5 Qf7 12. Ne5 Nxe5 13. dxe5 Be7 14. Bxe7 Qxe7 15. a5 O-O 16. Bd3 c5 17. Bxf5 Rxf5 18. f4 Raf8 19. g3 Be8 20. Qd2 Bc6 21. Qc3 b6 22. axb6 axb6 23. Nd4 cxd4 24. Qxc6 g5 25. Qxb6 gxf4 26. Ra7 Qg5 27. Qxe6+ Kh8 28. Qe7 Qh6 29. gxf4 Rg8+ 30. Kh1 Qh3 31. Rf2 Rxf4 32. Qxh7+ Qxh7 33. Rxh7+ Kxh7 34. Rxf4 Re8 35. Rxd4 Rxe5 36. Rd2 Kg6 37. Kg2 Kf5 38. Kf3 Kf6 39. b4 Rf5+ 40. Kg4 Rg5+ 41. Kf4 Rf5+ 42. Ke3 Ke5 43. Rf2 Rh5 44. Kd3 Rh3+ 45. Kd2 Kd4 46. c3+ Kc4 47. Rf4+ Kb3 48. b5 Rxc3 49. b6 Rc6 50. b7 Rb6 51. Rf7 Kc4 52. h4 Rb2+ 53. Kc1 Rb6 54. h5 Kd3 55. h6 Rc6+ 56. Kb2 Rb6+ 57. Kc1 Rc6+ 58. Kb2 Rb6+ 59. Kc1 Rc6+ 60. Kd1 Rxh6 61. Rf3+ Ke4 62. b8=Q Kxf3 63. Qf8+ Ke4 64. Qxh6 1-0

[Event "EIBCC 2019"]
[Site "Tallinn"]
[Date "2019.12.07"]
[Round "14.27"]
[White "Babanin, Gleb"]
[Black "D`Costa, Lorin"]
[Result "1-0"]
[WhiteElo "2201"]
[BlackElo "2361"]
[Annotator "NA"]
[PlyCount "68"]
[EventDate "2019.12.06"]
[EventType "swiss"]
[EventCountry "EST"]
[SourceTitle "playchess.com"]
[Source "ChessBase"]
[SourceQuality "1"]

1. e4 c5 2. Nf3 d6 3. Bb5+ Nc6 4. Bxc6+ bxc6 5. O-O Bg4 6. c3 Nf6 7. Re1 e5 8. h3 Bh5 9. d4 cxd4 10. cxd4 Nd7 11. d5 cxd5 12. Qxd5 Be7 13. Nc3 O-O 14. Be3 Nf6 15. Qd3 h6 16. Nd2 Bg6 17. Nc4 Nxe4 18. Nxe4 d5 19. Nxe5 Bxe4 20. Qd2 Bf6 21. Nc6 Qd7 22. Rac1 Rfe8 23. Bd4 Bg5 24. f4 Bh4 25. Bf2 Bxf2+ 26. Qxf2 Rac8 27. Qxa7 Rc7 28. Qb6 Rec8 29. Ne5 Rxc1 30. Nxd7 Rxe1+ 31. Kf2 Rec1 32. g4 R8c2+ 33. Kg3 Rc6 34. Qd8+ Kh7 1-0

[Event "EIBCC 2019"]
[Site "Tallinn"]
[Date "2019.12.07"]
[Round "14.28"]
[White "Vlassow, Valentin"]
[Black "Putka, Verners"]
[Result "1-0"]
[WhiteElo "2265"]
[BlackElo "2448"]
[Annotator "NA"]
[PlyCount "43"]
[EventDate "2019.12.06"]
[EventType "swiss"]
[EventCountry "EST"]
[SourceTitle "playchess.com"]
[Source "ChessBase"]
[SourceQuality "1"]

1. e4 e5 2. Nf3 Nf6 3. d4 exd4 4. Bc4 Nc6 5. e5 d5 6. Bb5 Ne4 7. Nxd4 Bd7 8. Bxc6 bxc6 9. O-O Bc5 10. f3 Ng5 11. f4 Ne4 12. Be3 Qb8 13. Nd2 Qxb2 14. Nxe4 dxe4 15. Qd2 Rb8 16. Nb3 Bb6 17. Rab1 Qa3 18. f5 Bc8 19. Kh1 O-O 20. f6 g6 21. Bxb6 Re8 22. Bc5 1-0